00491nam a2200181 a 4500001000400000003000900004008004100013020001500054040002800069082001900097100002400116245001600140260004400156300001400200490001600214500005900230650002000289613CO-ViMGA141112s2004 ck r 000 u spa d a9580421277 aCO-ViMGAbspacCO-ViMGA04aU863.44 O537ad1 aOnetti, Juan Carlos10aLos adioses aSantafé de Bogotá : bNorma, c1992 a82, 132 p aCara y cruz aCon : A propósito de Juan Carlos Onetti y su obra. 14aNOVELA URUGUAYA